Memoria Seminario Taller Centroamérica y El Caribe: prevención, mitigación y atención a desastres /

Guardat en:
Dades bibliogràfiques
Autor corporatiu: Centro Alexander von Humboldt, Oxfam América
Format: Text
Publicat: Granada: Oxfam América. Centro Humboldt
Etiquetes: Afegir etiqueta
Sense etiquetes, Sigues el primer a etiquetar aquest registre!

MARC

LEADER 00000 a a2200000 04500
001 34718
003
040
090 |a 1002 M533me  
110 |a Centro Alexander von Humboldt  
245 |a Memoria Seminario Taller Centroamérica y El Caribe: prevención, mitigación y atención a desastres /  |c Centro Alexander von Humboldt  
260 |a Granada:   |b Oxfam América. Centro Humboldt  
300 |a p. irreg.   |b il.  
710 |a Oxfam América  
999 |c 14351  |d 14351